Statistics for General Knowledge #166

Click here to take the quiz!

General Stats

  • This quiz has been taken 308 times
  • The average score is 7 of 15

Answer Stats

Capital of KentuckyFrankfort% Correct
Most populated countryChina
94%
First college founded in America?Harvard
78%
Lead singer of QueenFreddie Mercury
77%
What year did America gain its independence?1776
66%
Who's murder started ww1?Franz Ferdinand
65%
Theory stating that if anything bad can happen, it willMurphy's law
55%
Name of atomic bomb projectManhattan Project
53%
What does C stand for in E=MC^2?Speed of light
42%
What artist founded cubism?Pablo Picasso
38%
Another name for Will Rogers HighwayRoute 66
36%
What does Mele Kalikimaka mean?Merry Christmas
27%
Who directed The Breakfast Club?John Hughes
26%
What state is home to the largest ball of twine?Kansas
17%
Which NFL team has the most superbowl wins to date?Pittsburgh Steelers
16%
Main Actress in the movie DivergentShailene Woodley
11%

Score Distribution

Percentile by Number Answered

Percent of People with Each Score

Your Score History

You have not taken this quiz